LEADER 01171nam a2200265 i 4500 001 000000152027 003 CaOOAMICUS 005 20060720000000.0 008 060720s1971 it u000 u ita u 013 $a129368 040 $aSeMil$bita 100 1 $aLuzzati, Michele <1939-2014>.$0(OLS)http://semarc/name/20065 245 10$aGiovanni Villani :$be la compagnia dei Buonaccorsi /$cMichele Luzzati. 260 $aRoma :$bIstituto della Enciclopedia Italiana,$c1971. 300 $a110 p. ;$c18 cm. 490 0 $Bibliotheca biographica [Istituto della Enciclopedia Italiana] ;$v5 500 $aContiene : Fonti e Bibliografia. - Fondo Ciprandi. 600 14$aVillani, Giovanni <1280-1348>.$0(OLS)http://semarc/subject/51694 830 0$aBibliotheca biographica ;$v5.$0(OLS)http://semarc/title/19917 850 $aSeMil 852 $aSeMil$W1$xVenegono$y1$m1W I 353$j103988$B103988$CSeMilBibl$Z2$F113074 $81 941 1 $a1 961 $aOmaggio: Ciprandi dott. Paolo 996 $6245$aGiovanni Villani :$be la compagnia dei Buonaccorsi$9(OLS)http://semarc/title/222214 996 $6260$aRoma :$bIstituto della Enciclopedia Italiana$9(OLS)http://semarc/publisher/30014 LEADER 01023nam a2200253 i 4500 001 000000063088 003 CaOOAMICUS 005 20181120154936.0 008 120710s1965 it u000 u ita u 013 $a34260 040 $aSeMil$bita 100 1 $aTettamanzi, Dionigi,$c.$0(OLS)http://semarc/name/89456 245 10$aMatrimonio e virtù teologali /$cDionigi Tettamanzi. 260 $aMilano [etc.] :$bÀncora,$c1965. 300 $a252 p. ;$c18 cm. 490 0 $aMatrimonio e famiglia [Ancora] 650 4$aMatrimonio - Concezione cristiana.$0(OLS)http://semarc/subject/383 830 0$aMatrimonio e famiglia.$0(OLS)http://semarc/title/420010 850 $aSeMil 852 $aSeMil$W1$xVenegono$y1$m2F III 349$j29241$B29241$CSeMilBibl$Z2$F29244 $81 961 $aOmaggio: Oggioni don Costantino 996 $6245$aMatrimonio e virtù teologali$9(OLS)http://semarc/title/99445 996 $6260$aMilano [etc.] :$bÀncora$9(OLS)http://semarc/publisher/32331